| 000 | 00814nam a2200193Ia 4500 | ||
|---|---|---|---|
| 003 | OSt | ||
| 005 | 20240831105501.0 | ||
| 007 | ca aa aaaaa | ||
| 008 | 201103s9999 xx 000 0 und d | ||
| 040 | _cost | ||
| 041 | _abur | ||
| 082 |
_223 _a၂၈၂.၅၉၁၁၆၂ ကျိုင်း _b၁၄၃၇၀ S-KZN |
||
| 245 | 0 | _aကျိုင်းတုံကတ်သလစ်သာသနာသမိုင်း (၁၉၁၂-၁၉၈၇) / | |
| 260 |
_a[နေရာမပါ]၊ _b[ထုတ်ဝေသူမပါ]၊ _cခုနှစ်မပါ။ |
||
| 300 |
_aဝ၊ ၁၅၅ စာမျက်နှာ ၊ _c၂၄ စင်တီ။ |
||
| 500 | _aS-SAT : Sai Aung Tun | ||
| 650 |
_aကက်သလစ် _vသမိုင်း _zကျိုင်းတုံ _954127 |
||
| 942 |
_2ddc _cBK1 |
||
| 999 |
_c16792 _d16792 |
||